[Event "Dundee & Angus Major"]
[Site "Dundee"]
[Date "2013.10.11"]
[Round "1"]
[White "Chalmers, Martin"]
[Black "Johnson, Ian L"]
[Result "1-0"]
[WhiteElo "1496"]
[BlackElo "1310"]
[PlyCount "69"]
[EventDate "2013.10.11"]
[EventType "swiss"]
[EventRounds "5"]
[EventCountry "SCO"]
[SourceTitle "EXT 2023"]
[Source "ChessBase"]
[SourceDate "2022.10.05"]
[SourceVersion "1"]
[SourceVersionDate "2022.10.05"]
[SourceQuality "1"]

1. e4 e5 2. Nf3 d6 3. h3 Nf6 4. Nc3 a6 5. d4 Nc6 6. dxe5 dxe5 7. Qxd8+ Kxd8 8. Bc4 h6 9. Bxf7 Bb4 10. Bg6 Bxc3+ 11. bxc3 Ke7 12. Ba3+ Kd8 13. Rd1+ Bd7 14. 0-0 Kc8 15. Rd3 Rd8 16. Rfd1 b5 17. Nd2 a5 18. Nb3 b4 19. Bb2 Be8 20. Rxd8+ Nxd8 21. Bxe8 Nxe8 22. cxb4 axb4 23. Nc1 Nc6 24. Rd5 Nf6 25. Rc5 Kb7 26. Bxe5 Kb6 27. Nd3 Nxe4 28. Rd5 Nxe5 29. Rxe5 Nc3 30. Nxb4 c5 31. Nd3 Rc8 32. a3 Rc7 33. Kf1 Na4 34. Nf4 c4 35. Nd5+ 1-0

[Event "Dundee & Angus op Challengers"]
[Site "Dundee"]
[Date "2007.??.??"]
[Round "3"]
[White "Chalmers, Martin"]
[Black "Ridge, Michael"]
[Result "0-1"]
[WhiteElo "1647"]
[BlackElo "1763"]
[PlyCount "54"]
[EventDate "2007.10.19"]
[EventType "swiss"]
[EventRounds "5"]
[EventCountry "SCO"]
[SourceTitle "EXT 2017"]
[Source "ChessBase"]
[SourceDate "2016.10.25"]
[SourceVersion "1"]
[SourceVersionDate "2016.10.25"]
[SourceQuality "1"]

1. e4 c5 2. Nc3 a6 3. f4 b5 4. Nf3 Bb7 5. d4 cxd4 6. Qxd4 Nc6 7. Qd1 e6 8. a3 Bc5 9. Bd3 d6 10. Qe2 Nge7 11. Be3 Qb6 12. Nd1 0-0 13. b4 Bxe3 14. Nxe3 Rac8 15. e5 Nd4 16. Nxd4 Qxd4 17. 0-0 Nd5 18. Rae1 Nxf4 19. Qd2 Nxd3 20. cxd3 dxe5 21. Kh1 e4 22. Ng4 exd3 23. Qg5 f5 24. Nh6+ Kh8 25. Rf4 gxh6 26. Qxh6 Qg7 27. Qh3 Rc2 0-1